রাশা /

Detalles Bibliográficos
Autor Principal: ইকবাল, মুহম্মদ জাফর, ১৯৫২- (Author)
Formato: Libro
Idioma:Bengali
Publicado: ঢাকা তাম্রলিপি, ২০১০
Subjects:
Classic Catalogue: View this record in Classic Catalogue
LEADER 01482nam a22003137a 4500
001 45120
003 BD-DhAAL
005 20251126145028.0
008 251126p20122010bg ||||| |||| 00| 0 ben d
020 |a 9847009601057 
040 |a BD-DhAAL  |c BD-DhAAL 
041 0 |a ben 
082 |a 891.44371  |2 23 
100 |a ইকবাল, মুহম্মদ জাফর,  |d ১৯৫২-  |e author. 
245 1 0 |a রাশা /  |c মুহম্মদ জাফর ইকবাল. 
246 3 1 |a Rasha 
260 |a ঢাকা  |b তাম্রলিপি,  |c ২০১০  |g (২০১২ মুদ্রণ) 
300 |a ২৩৮ পৃষ্ঠা :  |b চিত্র ;  |c ২২ সে.মি. 
500 |a Juvenile fiction. 
541 1 |a Donated by Farhana Zahir, Assistant Professor, BRAC Business School, BRAC University  |e 45120 
650 0 |a Children's stories, Bengali. 
650 0 |a Bengali fiction. 
650 0 |a Bengali literature. 
651 0 |a Bangladesh  |v Juvenile fiction.  |9 59926 
651 0 |a Bangladesh  |v Fiction. 
852 |a Ayesha Abed Library  |c General Stacks 
942 |2 ddc  |c BK 
999 |c 47663  |d 47663 
952 |0 0  |1 0  |2 ddc  |4 0  |6 891_443710000000000_IQB  |7 0  |9 78570  |a BRACUL  |b BRACUL  |c NEW  |d 2025-11-26  |e Donated by Farhana Zahir, Assistant Professor, BRAC Business School, BRAC University  |g 270.00  |l 6  |m 8  |o 891.44371 IQB  |p 3010045120  |q 2026-06-02  |r 2026-05-19  |s 2026-05-19  |t 1  |v 540.00  |w 2025-11-26  |y BK  |x Donated by Farhana Zahir, Assistant Professor, BRAC Business School, BRAC University